000 00781nam a2200205Ii 4500
003 JO-AjNU
008 230605s9999||||xx |||||||||||||| ||und||
040 _aJO-AjNU
_bara
_erda
_cJO-AjNU
041 _aara
050 1 4 _aBP75.2.I27 1999
100 3 _aابن هشام، ابي محمد عبد الملك ؛ تحقيق لجنة تحقيق التراث بمؤسسة الهدى لتحقيق التراث,
_eauthor
_956543
245 0 0 _aالسيرة النبوية، ج1
250 _aط1
264 3 1 _aالقاهرة: مكتبة المدينة المنورة ، دار التقوى، 1999
300 _aج1، 305ص
336 _atext
_btxt
_2rdacontent
337 _aunmediated
_bn
_2rdamedia
338 _avolume
_bnc
_2rdacarrier
650 4 _aالسيرة النبوية
_956544
999 _aA25284
_c28852
_d28852